Language Quiz

Random Language or Book Quiz

Literature by Definition: Stephen King Quiz Stats

 Plays Quiz Updated Oct 4, 2018

Support Sporcle.
Go Orange.
Score 0/24 Timer 03:00
1 Play Today
% Correct
Dead
92.7%
Man
92.7%
Doctor
92.7%
Green
92.4%
Dark
92.2%
Running
92.2%
Under
91.9%
Shining
91.7%
Cell
91.5%
Mile
91.4%
Outsider
91.3%
Gunslinger
90.9%
% Correct
Needful
90.7%
Sleep
90.4%
Misery
90.4%
Tower
90.4%
Dreamcatcher
90%
Stand
89.6%
Dome
88.5%
Tommyknockers
85.7%
It
84.8%
Zone
83.4%
Lot
80.2%
Things
78%

You're not logged in!

Compare scores with friends on all Sporcle quizzes.
OR
Log In

From the Vault

Religion Race

by jrage2009

Not many people can finish a 100 yard dash on water.
Remove Ads.
Support Sporcle.
Get the best of Sporcle when you Go Orange. This ad-free experience offers more features, more stats, and more fun while also helping to support Sporcle. Thank you for becoming a member.

Show Comments

Extras

Top Quizzes Today


Score Distribution

Your Account Isn't Verified!

In order to create a playlist on Sporcle, you need to verify the email address you used during registration. Go to your Sporcle Settings to finish the process.

Report this User

Report this user for behavior that violates our Community Guidelines.

Details: